Хорошо быть тихоней: роман; пер. с англ.

Dades bibliogràfiques
Autor principal: Чбоски С. Стивен
Altres autors: Петрова Е. Елена (переводчик)
Sumari:"Хорошо быть тихоней" — удивительным бестселлер Стивена Чбоски, трогательный роман взросления (""Над пропастью во ржи" для новых времен", по выражению критиков), разошедшийся тиражом свыше миллиона экземпляров и экранизированный самим автором, причем одну из главных ролей в фильме исполнила Эмма Уотсон — она же Гермиона Грейнджер из фильмов о Гарри Поттере. Чарли переходит в старшую школу. Опасаясь того, что его там ждет после недавнего нервного срыва, он начинает писать письма кому-то, кого никогда в жизни не видел, но кто, он уверен, должен хорошо его понять, Чарли не любит ходить на танцы, поскольку ему обычно нравятся те песни, под которые не потанцуешь. Каждая новая книга, прочитанная им по совету Билла, учителя литературы, тут же становится у Чарли самой любимой: "Убить пересмешника", "Питер Пэн", "Великий Гэтсби", "Над пропастью во ржи", "В дороге", "Голый завтрак"... Билл советует Чарли "быть не губкой, а фильтром", и тот честно пытается. Еще Чарли пытается не вспомнить крепко забытые детские травмы и разобраться в своих чувствах к старшекласснице Сэм, сестре его друга Патрика по кличке Никак...
Idioma:rus
Publicat: Санкт-Петербург, Азбука, 2014
Col·lecció:Азбука-бестселлер
Matèries:
Format: MixedMaterials Llibre
KOHA link:https://koha.lib.tpu.ru/cgi-bin/koha/opac-detail.pl?biblionumber=347222

MARC

LEADER 00000nam0a2200000 4500
001 347222
005 20231102005956.0
010 |a 9785389061606 
035 |a (RuTPU)RU\TPU\book\379107 
035 |a RU\TPU\book\376741 
090 |a 347222 
100 |a 20220305d2014 m y0rusy50 ca 
101 1 |a rus  |c eng 
102 |a RU 
105 |a y z 000ay 
200 1 |a Хорошо быть тихоней  |e роман  |e пер. с англ.  |f С. Чбоски  |g пер. Е. Петровой 
210 |a Санкт-Петербург  |c Азбука  |c Азбука-Аттикус  |d 2014 
215 |a 288 с. 
225 1 |a Азбука-бестселлер 
330 |a "Хорошо быть тихоней" — удивительным бестселлер Стивена Чбоски, трогательный роман взросления (""Над пропастью во ржи" для новых времен", по выражению критиков), разошедшийся тиражом свыше миллиона экземпляров и экранизированный самим автором, причем одну из главных ролей в фильме исполнила Эмма Уотсон — она же Гермиона Грейнджер из фильмов о Гарри Поттере. Чарли переходит в старшую школу. Опасаясь того, что его там ждет после недавнего нервного срыва, он начинает писать письма кому-то, кого никогда в жизни не видел, но кто, он уверен, должен хорошо его понять, Чарли не любит ходить на танцы, поскольку ему обычно нравятся те песни, под которые не потанцуешь. Каждая новая книга, прочитанная им по совету Билла, учителя литературы, тут же становится у Чарли самой любимой: "Убить пересмешника", "Питер Пэн", "Великий Гэтсби", "Над пропастью во ржи", "В дороге", "Голый завтрак"... Билл советует Чарли "быть не губкой, а фильтром", и тот честно пытается. Еще Чарли пытается не вспомнить крепко забытые детские травмы и разобраться в своих чувствах к старшекласснице Сэм, сестре его друга Патрика по кличке Никак... 
606 1 |a Американская литература (англо-язычная литература)  |2 stltpush  |3 (RuTPU)RU\TPU\subj\28887  |9 52349 
610 1 |a художественная литература 
610 1 |a романы 
610 1 |a письма 
610 1 |a подростки 
610 1 |a проза 
675 |a 82  |v 4 
700 1 |a Чбоски  |b С.  |g Стивен 
702 1 |a Петрова  |b Е.  |g Елена  |4 730 
801 1 |a RU  |b 63413507  |c 20200625 
801 2 |a RU  |b 63413507  |c 20220328  |g RCR 
942 |c BK